| 000 | 00818nam a2200241 4500 | ||
|---|---|---|---|
| 003 | OSt | ||
| 005 | 20260126062051.0 | ||
| 006 | a | ||
| 008 | 240627b |||||||| |||| 00| 0 eng d | ||
| 020 | _a9719145609 | ||
| 040 |
_aDWCL-Main lib. _cOC |
||
| 082 |
_2Seventh edition _aFil. 613.9 Al326n 2007 |
||
| 100 |
_aAlba, Jose R. Sr. _eAuthor |
||
| 245 |
_aNatural birth control for avoiding or achieving pregnancy : _bthe dry or wet method / _cJose R. Alba, Sr. & Rey C. Alba |
||
| 250 | _aSeventh edition | ||
| 260 |
_aManila : _bM & L Licudine Enterprises, _cc2007. |
||
| 300 |
_a36 p. : _bill. ; _c23 cm. |
||
| 504 | _aIncludes bibliographical references. | ||
| 650 | _a1. Birth control. | ||
| 650 | _a2. Human fertility. | ||
| 700 |
_aI. Alba, Rey C. _eAuthor |
||
| 942 |
_2ddc _n0 _cBK - FIL _eSeventh edition _kFil. |
||
| 999 |
_c1456 _d1456 |
||